00462nam a22001577a 450000500170000001000150001702000260003203500140005803700090007208200080008110000200008924500660010926000390017527000700021430000200028420250311152932.0 aENG-144038 c495.00a9788119547920 aEN-127570 bDBAD a901 aSingh, Rajinder aThe Secular Maharaja;cRajinder SinghbMaharaja Ranjit Singh/ aDelhibShri Ganesh Prakashanc2024 bDelhia#32 Block 4, Subhash Gali, Vishwas Nagar, Shahdarae110032 a264p.c21cm(pb)